Applying use causes: a practical guide

保存先:
書誌詳細
主要な著者: Schneider, Geri (著者), Winters, Jason P (著者)
フォーマット: 図書
言語:英語
出版事項: Reading Addison-Wesley 1998
シリーズ:Object Technology Series
主題:
タグ: タグ追加
タグなし, このレコードへの初めてのタグを付けませんか!

MARC

LEADER 00000nam a2200000 a 4500
001 UCP5770
003 CL-VaPUC
008 990927e19980000US |||||||||||||||||eng|d
082 0 4 |a 005.3  |b SCH  |2 21 
100 0 |a Schneider, Geri  |e author  |9 434369 
700 0 |a Winters, Jason P  |e author  |9 434370 
245 1 0 |a Applying use causes: a practical guide 
300 |a 188 p 
942 |c BK 
945 |d 19990927 00:00:00  |a cmena 
260 |a Reading  |b Addison-Wesley  |c 1998 
650 0 |a Ingeniería de software   |9 263866 
650 0 |a Análisis de sistemas   |9 260059 
650 0 |a Software  |9 387312 
583 |a last modification  |c 19990927 00:00:00  |k Rodrigo Vera 
490 0 |a Object Technology Series 
999 |c 283437  |d 283435